000 00953cab a2200277 4500
001 WB3140-49
008 090401t1995 xxu||||| |||| 00| 0 eng d
035 _a(Sirsi) u9293
041 _aeng
245 _aHill and high moor farming
260 _c1995
350 _a0
490 _aDaily Telegraph
_v23 October 1995, 8
490 _aScotsman
_v26 October 1995, 32(2)
520 _aA Yorkshire hill farmer is to use his farm as a model for farmers and the public to highlight the problems hill farmers face and to work out a new financial package for livestock and the environment.
650 _aFARM SUBSIDIES
650 _aHEADAGE PAYMENTS
650 _aHILL FARMING INITIATIVE
650 _aHILL FARMING
650 _aHILL LIVESTOCK COMPENSATORY ALLOWANCE
650 _aPROPERTY-RURAL AND NATURAL ASSETS-AGRICULTURAL PROPERTY-LIVESTOCK
650 _aUPLAND FARMING
690 _aRURAL PRACTICE
942 _n0
948 _c04/03/1997
999 _c5781
_d5781